Overwatch League Awarded Players - Statistics

General Stats
  • This quiz has been taken 222 times
    127 since last reset
  • The average score is 19 of 23
Answer Stats
Award Year Player % Correct
MVP 2022 Proper
97%
ROTY 2022 Proper
97%
GFs MVP 2018 Profit
94%
MVP 2018 Jjonak
93%
ROTY 2020 Alarm
92%
GFs MVP 2022 Fearless
92%
GFs MVP 2021 LIP
92%
MVP 2019 Sinatraa
92%
GFs MVP 2019 Choihyobin
90%
MVP 2020 Fleta
90%
MVP 2023 SOMEONE
90%
DH 2023 SOMEONE
90%
GFs MVP 2023 Mer1t
86%
MVP 2021 Leave
83%
GFs MVP 2020 Striker
81%
ROTY 2019 Haksal
68%
DH 2021 Sp9rk1e
68%
DH 2018 Mickie
66%
ROTY 2021 Pelican
66%
DH 2019 Custa
65%
DH 2022 Hadi
65%
ROTY 2023 D0NGHAK
63%
DH 2020 McGravy
52%
No matching quizzes found
Score Distribution
Percent of People with Each Score
Percentile by Number Answered
Your Score History
You have not taken this quiz since the last reset